000 00425nam a2200169Ia 4500
008 090711s9999 xx 000 0 und d
082 _b42373
100 _aसंत वि. द.
245 _aगुलमोहर
260 _c1980
300 _a102
600 _aसंत वि. द.
630 _aगुलमोहर
700 _aसंत वि. द.
730 _aगुलमोहर
942 _cBOOK
999 _c285888
_d285888